000 00678nam a22002537a 4500
001 43163
003 UA-OsUOA
005 20220621225406.0
007 ta
008 20061207b un ||||| |||| 00| 0 ukr d
020 _a8388067788
040 _aUA-OsUOA
_bpol
_cUA-OsUOA
_dUA-OsUOA
041 _apol
080 _a94:380
090 _a94:380
245 _aZrodla do dzeiejow polski w XIX I XX wieku lata 1945 - 1956
260 _aPultsk
_c2003
300 _a438 s.
505 _gТ.5
650 7 _a9 Географія. Біографії. Історія
_2UDC
942 _cBK
_2udc
955 _a2
999 _c329304
_d329304